Outsourcing - jeho vymedzenie a hlavné oblasti využitia
Vymedzenie podstaty outsourcingu. Charakteristika jednotlivých jeho foriem a typov. Základné prednosti a nedostatky jeho využívania. Hlavné oblasti praktického života v ktorých sa formy outsourcingu využívajú.
Salvato in:
| Autore principale: | |
|---|---|
| Altri autori: | |
| Natura: | Capitolo di libro |
| Lingua: | slovacco |
| Soggetti: | |
| Tags: |
Nessun Tag, puoi essere il primo ad aggiungerne!!
|
MARC
| LEADER | 00000naa$a2200000$$$4500 | ||
|---|---|---|---|
| 001 | 0047009 | ||
| 005 | 20240502071537.2 | ||
| 041 | 0 | |a slo | |
| 044 | |a SK | ||
| 245 | 1 | 0 | |a Outsourcing - jeho vymedzenie a hlavné oblasti využitia |c Ferdinand Daňo, Stanislav Kovalík |
| 520 | |a Vymedzenie podstaty outsourcingu. Charakteristika jednotlivých jeho foriem a typov. Základné prednosti a nedostatky jeho využívania. Hlavné oblasti praktického života v ktorých sa formy outsourcingu využívajú. | ||
| 610 | 2 | 0 | |a outsourcing |
| 610 | 2 | 0 | |a pojmy |
| 610 | 2 | 0 | |a história |
| 610 | 2 | 0 | |a racionalita |
| 610 | 2 | 0 | |a manažment strategický |
| 100 | 1 | |a Daňo, Ferdinand, 1959- | |
| 700 | 1 | |a Kovalík, Stanislav | |